[Event "Novi Sad ol (Men)"]
[Site "Novi Sad YUG"]
[Date "1990.??.??"]
[Round "8"]
[White "Yilmaz, Turhan"]
[Black "Murshed, Niaz"]
[Result "1/2-1/2"]
[WhiteElo "2370"]
[BlackElo "2475"]
[PlyCount "81"]
[EventDate "1990.11.??"]
[Source "www.chesslib.no"]
[SourceDate "2004.05.04"]

1. e4 e5 2. Nf3 Nc6 3. Bb5 a6 4. Ba4 Nf6 5. Bxc6 dxc6 6. d3 Bc5 7. O-O Qe7 8. h3 h6 9. a3 g5 10. b4 Ba7 11. Be3 Bxe3 12. fxe3 g4 13. hxg4 Nxg4 14. Qe1 Be6 15. a4 Rg8 16. Na3 Rg7 17. d4 Kf8 18. c4 Kg8 19. Ra2 Kh7 20. a5 Rag8 21. Qc3 f6 22. Rd2 Qe8 23. Nc2 Qh5 24. Nce1 Bc8 25. Qd3 Kh8 26. Rb2 Bd7 27. Rd2 Be8 28. Rb2 Bg6 29. b5 Bxe4 30. Qxe4 f5 31. Qd3 e4 32. Qc3 Kh7 33. bxc6 bxc6 34. d5 c5 35. Qa3 exf3 36. Nxf3 Nf6 37. Qxc5 Ne4 38. Qd4 Rg3 39. Qe5 Qh3 40. Ne1 Nd6 41. Rf3 1/2-1/2

[Event "Highlands Open A"]
[Site "Zdar nad Sazavou CZE"]
[Date "2007.09.27"]
[Round "6"]
[White "Kanovsky, D."]
[Black "Talla, V."]
[Result "0-1"]
[WhiteElo "2410"]
[BlackElo "2430"]
[PlyCount "146"]
[EventDate "2007.09.22"]
[Source "www.chesslib.no"]
[SourceDate "2004.05.04"]

1. e4 e5 2. Nf3 Nc6 3. Bb5 a6 4. Ba4 Nf6 5. Bxc6 dxc6 6. d3 Bd6 7. Nbd2 c5 8. Nc4 Nd7 9. b3 O-O 10. O-O Re8 11. Bb2 b5 12. Ne3 Nf8 13. Nd2 Ng6 14. Kh1 Ne7 15. Qh5 g6 16. Qh4 Nc6 17. Qg3 Nd4 18. Rae1 c6 19. c3 Ne6 20. Nf5 Bf8 21. Nf3 f6 22. d4 Kh8 23. N5h4 cxd4 24. cxd4 exd4 25. Nd2 Bh6 26. f4 Ra7 27. Rd1 Rg7 28. Ndf3 Bxf4 29. Qe1 Be3 30. Qxe3 dxe3 31. Rxd8 Rxd8 32. Bxf6 e2 33. Re1 Rd1 34. Kg1 Nc5 35. Bxg7+ Kxg7 36. Kf2 Nxe4+ 37. Kxe2 Nc3+ 38. Ke3 Rxe1+ 39. Nxe1 Nxa2 40. Kd4 Be6 41. Nd3 Bxb3 42. Nc5 Bd5 43. Nxa6 b4 44. Nf3 Bxf3 45. gxf3 b3 46. Kd3 Nc1+ 47. Kc3 Ne2+ 48. Kxb3 Nd4+ 49. Kc4 Nxf3 50. Nb4 Kf6 51. Kd3 c5 52. Na6 c4+ 53. Kxc4 Nxh2 54. Kd4 Kf5 55. Ke3 Kg4 56. Kf2 Kh3 57. Nc5 g5 58. Ne4 Ng4+ 59. Kg1 h6 60. Nd6 Ne5 61. Ne4 g4 62. Nf2+ Kg3 63. Ne4+ Kf4 64. Nf6 Kf5 65. Nh5 Kg5 66. Ng3 h5 67. Kg2 h4 68. Ne2 Nf3 69. Nc3 Nd2 70. Nd5 Ne4 71. Ne3 h3+ 72. Kh2 Kf4 73. Nc4 Ng5 0-1

[Event "Cappelle Open"]
[Site "Cappelle la Grande FRA"]
[Date "1995.??.??"]
[Round "5"]
[White "Dumitrache, Serban"]
[Black "Graf, Alexander"]
[Result "0-1"]
[WhiteElo "2235"]
[BlackElo "2605"]
[PlyCount "60"]
[EventDate "1995.03.??"]
[Source "www.chesslib.no"]
[SourceDate "2004.05.04"]

1. e4 e5 2. Nf3 Nc6 3. Bb5 a6 4. Ba4 Nf6 5. Bxc6 dxc6 6. d3 Bd6 7. Nbd2 Bg4 8. h3 Bh5 9. g4 Bg6 10. Nc4 Nd7 11. Bd2 b6 12. Ne3 Nc5 13. Qe2 Ne6 14. Nf5 c5 15. O-O-O Qd7 16. Rdg1 f6 17. h4 h5 18. g5 Bf7 19. gxf6 gxf6 20. Bh6 Rh7 21. Rg3 O-O-O 22. Rhg1 Qa4 23. a3 c4 24. dxc4 Rxh6 25. Nxh6 Nf4 26. Qe1 Bxc4 27. Rg8 Bxg8 28. Rxg8 Rxg8 29. Nxg8 Qc4 30. Nxf6 Nd3+ 0-1

[Event "It (Open) Zadar CRO"]
[Site "?"]
[Date "2005.12.13"]
[Round "2"]
[White "Babic Drasko"]
[Black "Rogic Davor"]
[Result "0-1"]
[WhiteElo "2316"]
[BlackElo "2520"]
[PlyCount "112"]
[EventDate "2005.??.??"]
[Source "www.chesslib.no"]
[SourceDate "2004.05.04"]

1. e4 e5 2. Nf3 Nc6 3. Bb5 a6 4. Ba4 Nf6 5. Bxc6 dxc6 6. d3 Nd7 7. Nbd2 g6 8. Nc4 Bg7 9. Bg5 f6 10. Be3 Qe7 11. O-O c5 12. a4 Nf8 13. Nfd2 Ne6 14. a5 O-O 15. Re1 Rb8 16. Nb1 Bd7 17. Nc3 Bc6 18. Qd2 Nd4 19. f4 Qd7 20. Rf1 Rbe8 21. fxe5 fxe5 22. h3 Qe6 23. b3 Rb8 24. Ne2 Bb5 25. Nxd4 cxd4 26. Bh6 Bxh6 27. Qxh6 Rxf1+ 28. Rxf1 Bxc4 29. bxc4 Qe7 30. h4 b6 31. Rb1 Qf6 32. axb6 Rxb6 33. Rf1 Qe7 34. Ra1 Qf6 35. Rf1 Qd8 36. Ra1 c5 37. Kh2 Qf6 38. Ra5 Rc6 39. Qg5 Qxg5 40. hxg5 Kf7 41. Kg3 Ke7 42. Kf3 Kd6 43. Ra1 Rb6 44. Ke2 Kc6 45. Kd2 Kb7 46. Rh1 a5 47. Rxh7+ Ka6 48. Rh8 a4 49. Ra8+ Kb7 50. Rxa4 Rb1 51. Ra5 Kb6 52. Rb5+ Rxb5 53. cxb5 Kxb5 54. c3 Ka4 55. cxd4 cxd4 56. Kc2 Ka3 0-1

[Event "44th National A ch-IND"]
[Site "Atul IND"]
[Date "2006.12.23"]
[Round "7"]
[White "Girinath, P."]
[Black "Ramesh, R."]
[Result "1/2-1/2"]
[WhiteElo "2344"]
[BlackElo "2491"]
[PlyCount "32"]
[EventDate "2006.12.18"]
[Source "www.chesslib.no"]
[SourceDate "2004.05.04"]

1. e4 e5 2. Nf3 Nc6 3. Bb5 a6 4. Ba4 Nf6 5. Bxc6 dxc6 6. Qe2 c5 7. d3 Nd7 8. Nbd2 g6 9. h4 h5 10. Nc4 Bg7 11. Bd2 b6 12. O-O-O Qe7 13. Kb1 Nb8 14. Ncxe5 O-O 15. Bg5 Qe8 16. Nc4 Nc6 1/2-1/2

[Event "Chigorin Mem Open, St Petersburg RUS"]
[Site "?"]
[Date "2001.??.??"]
[Round "6"]
[White "Sepman, Y."]
[Black "Shinkevich, V."]
[Result "0-1"]
[WhiteElo "2370"]
[BlackElo "2465"]
[PlyCount "94"]
[EventDate "2001.??.??"]
[Source "www.chesslib.no"]
[SourceDate "2004.05.04"]

1. e4 e5 2. Nf3 Nc6 3. Bb5 a6 4. Ba4 Nf6 5. Bxc6 dxc6 6. d3 Nd7 7. Nbd2 g6 8. Nc4 Bg7 9. O-O O-O 10. b3 c5 11. Bb2 f6 12. Nfd2 Nb8 13. a4 Nc6 14. a5 Be6 15. Kh1 Bh6 16. Ne3 Qe7 17. Ndc4 Rad8 18. Bc3 Qd7 19. Rb1 Rf7 20. Qe1 Re8 21. f3 Rb8 22. Ra1 Nd4 23. Qh4 Bf8 24. Rf2 h5 25. Rff1 Nxc2 26. Nxc2 Qxd3 27. Bxe5 Bxc4 28. Bxf6 Bxb3 29. Na3 Bg7 30. Bxg7 Kxg7 31. Qg5 Qd4 32. Rae1 Re8 33. Nb1 Bc4 34. Rg1 Bd3 35. Rc1 c4 36. Nc3 Qe5 37. Qe3 Qxa5 38. f4 Qb6 39. Qf3 Qd4 40. f5 Bxe4 41. Nxe4 Qxe4 42. Qc3+ Qe5 43. fxg6 Qxc3 44. gxf7 Re3 45. Rxc3 Rxc3 46. Rf1 Kf8 47. h3 Rd3 0-1

[Event "Budapest FS12 GM"]
[Site "Budapest"]
[Date "1999.12.04"]
[Round "1"]
[White "Csom, Istvan"]
[Black "Tatai, Stefano"]
[Result "1/2-1/2"]
[WhiteElo "2472"]
[BlackElo "2357"]
[PlyCount "39"]
[EventDate "1999.12.04"]
[Source "ChessBase"]
[SourceDate "2000.01.11"]

1. e4 e5 2. Nf3 Nc6 3. Bb5 a6 4. Ba4 Nf6 5. Bxc6 dxc6 6. d3 Nd7 7. Nbd2 Be7 8. Nc4 f6 9. Nh4 O-O 10. Nf5 Nc5 11. O-O Re8 12. Nxe7+ Qxe7 13. f4 b5 14. Ne3 exf4 15. Rxf4 Be6 16. Bd2 Nd7 17. Qe2 Ne5 18. Qf2 Ng6 19. Rf3 Ne5 20. Rf4 1/2-1/2

[Event "North American Open"]
[Site "Las Vegas"]
[Date "2003.12.29"]
[Round "6"]
[White "Sevillano, Enrico"]
[Black "Friedel, Joshua E"]
[Result "1/2-1/2"]
[WhiteElo "2498"]
[BlackElo "2328"]
[PlyCount "74"]
[EventDate "2003.12.26"]
[Source "Roberto Alvarez"]
[SourceDate "2004.01.19"]

1. e4 e5 2. Nf3 Nc6 3. Bb5 a6 4. Ba4 Nf6 5. Bxc6 dxc6 6. d3 Nd7 7. Nbd2 Bd6 8. Nc4 c5 9. a4 O-O 10. g4 Re8 11. Ne3 Nf8 12. Nf5 Be6 13. Be3 c4 14. d4 Bxf5 15. gxf5 exd4 16. Qxd4 Bb4+ 17. c3 Qxd4 18. Nxd4 Bc5 19. f3 Nd7 20. Ke2 Bxd4 21. cxd4 b5 22. Kd2 c6 23. a5 c5 24. dxc5 Rac8 25. Rhd1 Nxc5 26. Bxc5 Rxc5 27. Kc3 Rc6 28. Rd2 g6 29. Rd5 b4+ 30. Kc2 c3 31. b3 gxf5 32. Rd4 fxe4 33. fxe4 Rb8 34. Ra4 Rc5 35. Rdxb4 Rxb4 36. Rxb4 Rxa5 37. Kxc3 Rh5 1/2-1/2

[Event "Boca Juniors op"]
[Site "Buenos Aires"]
[Date "1998.05.09"]
[Round "3"]
[White "Barria, Daniel"]
[Black "Sorin, Ariel"]
[Result "1/2-1/2"]
[WhiteElo "2365"]
[BlackElo "2460"]
[PlyCount "60"]
[EventDate "1998.05.07"]
[Source "ChessBase"]
[SourceDate "1998.07.07"]

1. e4 e5 2. Nf3 Nc6 3. Bb5 a6 4. Ba4 Nf6 5. Bxc6 dxc6 6. Nc3 Bc5 7. Qe2 Qe7 8. d3 Bg4 9. h3 Bh5 10. Nd1 Nd7 11. Ne3 Bxe3 12. Qxe3 c5 13. O-O h6 14. Nd2 g5 15. Nc4 Nb8 16. b4 cxb4 17. Bb2 Nc6 18. Nxe5 Nxe5 19. f4 gxf4 20. Qxf4 f6 21. Qxf6 Qxf6 22. Rxf6 Nf7 23. g4 Rg8 24. Raf1 Bg6 25. Re6+ Kf8 26. Rff6 Bh7 27. Bc1 Kg7 28. Bb2 Kf8 29. Bc1 Kg7 30. Bb2 Kf8 1/2-1/2

[Event "Moscow3"]
[Site "Moscow RUS"]
[Date "1992.??.??"]
[Round "?"]
[White "Yilmaz, Turhan"]
[Black "Gutop, Yuri V"]
[Result "1/2-1/2"]
[WhiteElo "2390"]
[BlackElo "2430"]
[PlyCount "142"]
[EventDate "1992.??.??"]
[Source "www.chesslib.no"]
[SourceDate "2004.05.04"]

1. e4 e5 2. Nf3 Nc6 3. Bb5 a6 4. Ba4 Nf6 5. Bxc6 dxc6 6. d3 Bc5 7. Be3 Bxe3 8. fxe3 Qd6 9. Qd2 Be6 10. Qc3 Nd7 11. Nbd2 f6 12. Nh4 Qc5 13. Qxc5 Nxc5 14. O-O O-O-O 15. Nf5 Rd7 16. b3 a5 17. Rf3 b6 18. Raf1 Nb7 19. h3 c5 20. Nb1 Nd8 21. Nc3 Nc6 22. R1f2 Kb7 23. g4 Na7 24. Rg2 h6 25. h4 Nc6 26. a3 Kc8 27. Nd5 Bxf5 28. Rxf5 Ne7 29. Nxe7+ Rxe7 30. g5 hxg5 31. hxg5 Rf8 32. Rgf2 Re6 33. Kf1 Kd7 34. Ke2 Ke7 35. Kd2 a4 36. Kc3 axb3 37. Kxb3 Rh8 38. gxf6+ gxf6 39. R5f3 Rd6 40. Rg2 Rh7 41. Rfg3 Rf7 42. Rg8 Kd7 43. R2g7 Rxg7 44. Rxg7+ Kc6 45. a4 Re6 46. Kc4 Rd6 47. Re7 Kb7 48. Kb5 Rc6 49. Rd7 Re6 50. Rf7 Rd6 51. Rh7 Re6 52. Rh2 Rd6 53. Rf2 Re6 54. Rf1 Rd6 55. Ra1 Rd8 56. Rf1 Rd6 57. Rh1 Re6 58. Rb1 Rd6 59. a5 bxa5 60. Kxc5+ Ka6 61. d4 exd4 62. exd4 Re6 63. Kd5 Rd6+ 64. Kc4 Rc6+ 65. Kd3 a4 66. c4 Rb6 67. Kc2 Rxb1 68. Kxb1 Kb6 69. Kb2 c5 70. d5 Ka6 71. Ka2 Kb6 1/2-1/2

[Event "Manila ol (Men)"]
[Site "Manila PHI"]
[Date "1992.??.??"]
[Round "?"]
[White "Yilmaz, Turhan"]
[Black "Barle, Janez"]
[Result "1/2-1/2"]
[WhiteElo "2390"]
[BlackElo "2430"]
[PlyCount "135"]
[EventDate "1992.06.??"]
[Source "www.chesslib.no"]
[SourceDate "2004.05.04"]

1. e4 e5 2. Nf3 Nc6 3. Bb5 a6 4. Ba4 Nf6 5. Bxc6 dxc6 6. d3 Nd7 7. b3 Bb4+ 8. Bd2 Bd6 9. O-O O-O 10. Nc3 c5 11. Ne2 Nb8 12. Bc3 Nc6 13. Nd2 Qh4 14. Nc4 Qh5 15. Qd2 Nd4 16. Bxd4 cxd4 17. f4 b5 18. fxe5 Bxe5 19. Nxe5 Qxe5 20. Nf4 c6 21. Rf3 Bd7 22. Raf1 a5 23. Qf2 f6 24. Ne2 Bg4 25. Rf4 Bxe2 26. Qxe2 g6 27. Qg4 Rad8 28. Rf5 Qe7 29. Qg3 Kh8 30. R5f3 Kg7 31. Qe1 Ra8 32. Qf2 Qe5 33. Qd2 c5 34. g4 c4 35. h4 cxd3 36. cxd3 h5 37. Qg2 Rac8 38. Rf4 hxg4 39. Rxg4 Kh7 40. Kh1 Rg8 41. Rg1 Qh5 42. Qf2 Rc1 43. Rxc1 Qxg4 44. Kh2 Rc8 45. Rxc8 Qxc8 46. Qxd4 Qc2+ 47. Kg3 Qxa2 48. Qxf6 Qxb3 49. Qe7+ Kh6 50. Qd8 Kg7 51. Kf4 a4 52. Qd4+ Kf8 53. Qd6+ Ke8 54. e5 Qf7+ 55. Ke3 Qa7+ 56. d4 a3 57. Qxg6+ Kd8 58. Qd6+ Kc8 59. Qc6+ Kd8 60. Qd6+ Kc8 61. Qc6+ Kd8 62. Qf6+ Kc7 63. Qe7+ Kb8 64. Qe8+ Kc7 65. Qe7+ Kb8 66. Qd8+ Kb7 67. Qd5+ Kc7 68. Qd6+ 1/2-1/2

[Event "Buenos Aires CA"]
[Site "Buenos Aires"]
[Date "1972.??.??"]
[Round "1"]
[White "Cuasnicu, Oscar"]
[Black "Pilnik, Herman"]
[Result "0-1"]
[WhiteElo "2370"]
[BlackElo "2450"]
[PlyCount "78"]
[EventDate "1972.??.??"]
[Source "ChessBase"]

1. e4 e5 2. Nf3 Nc6 3. Bb5 a6 4. Ba4 Nf6 5. Bxc6 dxc6 6. d3 Bd6 7. Nbd2 b5 8. d4 Nd7 9. dxe5 Nxe5 10. Nxe5 Bxe5 11. O-O O-O 12. Nb3 a5 13. f4 Bd6 14. Be3 a4 15. Nd2 a3 16. b3 Bb4 17. Nf3 Qe7 18. e5 Bc3 19. Rb1 Rd8 20. Qe2 Bf5 21. Qf2 Rd5 22. Rbd1 Qd7 23. Rxd5 Qxd5 24. Bd4 Bxd4 25. Nxd4 Be4 26. c3 Rd8 27. b4 Bd3 28. Rd1 Bc4 29. Rd2 Qe4 30. h3 h6 31. Kh2 g5 32. Qg3 Qxf4 33. Qxf4 gxf4 34. g3 f3 35. Kg1 Rd5 36. Kf2 Rxe5 37. Nc2 Re2+ 38. Rxe2 fxe2 39. Nxa3 Bd3 0-1

[Event "URS-ch U26"]
[Site "Minsk"]
[Date "1990.??.??"]
[Round "?"]
[White "Magomedov, Magaram"]
[Black "Kruppa, Yuri"]
[Result "1-0"]
[WhiteElo "2360"]
[BlackElo "2460"]
[PlyCount "71"]
[EventDate "1990.01.??"]
[Source "ChessBase"]

1. e4 e5 2. Nf3 Nc6 3. Bb5 a6 4. Ba4 Nf6 5. Bxc6 dxc6 6. d3 Bd6 7. Nbd2 Be6 8. Qe2 Nd7 9. Nb3 f6 10. Na5 Qc8 11. Bd2 c5 12. Nc4 Be7 13. Ne3 Nb8 14. Nh4 g6 15. Nd5 Bxd5 16. exd5 Qd7 17. Qe4 Kf7 18. O-O Rd8 19. c4 c6 20. Ba5 cxd5 21. cxd5 f5 22. Qxe5 Bxh4 23. Bc3 Rg8 24. Rae1 Be7 25. Re2 Qd6 26. Qe3 Bf6 27. Bxf6 Qxf6 28. Rfe1 Kg7 29. Qxc5 Kh8 30. Re7 Nc6 31. dxc6 bxc6 32. R1e6 Qxb2 33. d4 Qb1+ 34. Re1 Qb5 35. Qd6 Rgf8 36. Qd7 1-0

[Event "Moscow ol (Men)"]
[Site "Moscow"]
[Date "1994.??.??"]
[Round "2"]
[White "Michel Yunis, Christian D"]
[Black "Sulskis, Sarunas"]
[Result "0-1"]
[WhiteElo "2360"]
[BlackElo "2455"]
[PlyCount "84"]
[EventDate "1994.11.??"]
[Source "ChessBase"]

1. e4 e5 2. Nf3 Nc6 3. Bb5 a6 4. Ba4 Nf6 5. Bxc6 dxc6 6. d3 Bd6 7. Nbd2 O-O 8. Nc4 Nd7 9. O-O Re8 10. b3 f6 11. Bb2 Nc5 12. h3 Be6 13. Re1 Bf7 14. Nxd6 cxd6 15. d4 Ne6 16. dxe5 dxe5 17. Qe2 Qe7 18. Rad1 Bh5 19. Kh2 a5 20. a4 Red8 21. Qe3 Qc5 22. Qxc5 Nxc5 23. Rxd8+ Rxd8 24. g4 Bg6 25. Re2 Nxe4 26. Nh4 Nc5 27. Bc3 b6 28. Nxg6 hxg6 29. Kg3 g5 30. h4 gxh4+ 31. Kxh4 g5+ 32. Kg3 Kg7 33. f3 Ne6 34. Kf2 Nf4 35. Rd2 Rh8 36. Kg1 Rh3 37. Rf2 e4 38. Bd2 exf3 39. Bxf4 gxf4 40. Rd2 Kg6 41. Rd6 f2+ 42. Kxf2 Rc3 0-1

[Event "BUL Ch"]
[Site "Bulgaria"]
[Date "1992.??.??"]
[Round "2"]
[White "Grigorov, Jordan N"]
[Black "Lalev, Dimitar"]
[Result "1/2-1/2"]
[WhiteElo "2390"]
[BlackElo "2425"]
[PlyCount "24"]
[EventDate "1992.03.??"]
[Source "www.chesslib.no"]
[SourceDate "2004.05.04"]

1. e4 e5 2. Nf3 Nc6 3. Bb5 a6 4. Ba4 Nf6 5. Bxc6 dxc6 6. d3 Nd7 7. Nbd2 f6 8. Nc4 Be7 9. O-O O-O 10. Nh4 Nc5 11. Qf3 Ne6 12. Nf5 Nd4 1/2-1/2

[Event "Budapest FS12 GM-B"]
[Site "Budapest"]
[Date "2001.12.09"]
[Round "9"]
[White "Munoz Pantoja, Miguel"]
[Black "Pilgaard, Kim"]
[Result "1/2-1/2"]
[WhiteElo "2375"]
[BlackElo "2437"]
[PlyCount "154"]
[EventDate "2001.11.01"]
[Source "ChessBase"]
[SourceDate "2002.01.21"]

1. e4 e5 2. Nf3 Nc6 3. Bb5 a6 4. Ba4 Nf6 5. Bxc6 dxc6 6. d3 Nd7 7. O-O Bd6 8. Nbd2 O-O 9. Nc4 Re8 10. Bg5 f6 11. Bh4 Nf8 12. d4 Be6 13. Na5 Qc8 14. dxe5 Bb4 15. Nb3 fxe5 16. Qe2 Ng6 17. Bg3 b5 18. Rfd1 Bd6 19. Na5 Bd7 20. Qe3 Rf8 21. c4 c5 22. b4 Bg4 23. bxc5 Be7 24. Nc6 Bxf3 25. Nxe7+ Nxe7 26. gxf3 Ng6 27. Qg5 Qe6 28. cxb5 axb5 29. Qg4 Qf6 30. Rd7 c6 31. Rad1 Qxf3 32. Qxf3 Rxf3 33. Rc7 Rf7 34. Rxc6 Rxa2 35. Rd8+ Rf8 36. Rd7 Nf4 37. Bxf4 exf4 38. h3 b4 39. Rcc7 Kh8 40. Rxg7 Rg8 41. Rxg8+ Kxg8 42. Kg2 Rc2 43. Kf3 b3 44. Rb7 b2 45. Kxf4 Rxf2+ 46. Ke5 Kf8 47. c6 Ke8 48. Kd6 Rd2+ 49. Kc7 Rc2 50. e5 h5 51. e6 h4 52. Kd6 Rd2+ 53. Ke5 Re2+ 54. Kf5 Rf2+ 55. Kg4 Rc2 56. Kf5 Rf2+ 57. Ke5 Re2+ 58. Kd6 Rd2+ 59. Kc7 Rc2 60. Kd6 Rd2+ 61. Kc5 Rc2+ 62. Kd5 Rd2+ 63. Ke5 Re2+ 64. Kf5 Rf2+ 65. Kg4 Rc2 66. c7 Rxc7 67. Rxb2 Ke7 68. Re2 Rc4+ 69. Kg5 Rc6 70. Kf5 Rc3 71. Kg4 Rc4+ 72. Kg5 Rc6 73. Kxh4 Rxe6 74. Rf2 Rg6 75. Kh5 Rf6 76. Rxf6 Kxf6 77. Kh6 Kf7 1/2-1/2

[Event "Porto Carrras GRE, Open 2005"]
[Site "?"]
[Date "2005.04.23"]
[Round "2.3"]
[White "Makka Ioulia"]
[Black "Mastrovasilis Dimitrios"]
[Result "0-1"]
[WhiteElo "2250"]
[BlackElo "2562"]
[PlyCount "82"]
[EventDate "2005.??.??"]
[Source "www.chesslib.no"]
[SourceDate "2004.05.04"]

1. e4 e5 2. Nf3 Nc6 3. Bb5 a6 4. Ba4 Nf6 5. Bxc6 dxc6 6. d3 Bd6 7. Nbd2 Bg4 8. Nc4 Nd7 9. Ne3 Bh5 10. Nf5 Rg8 11. Ng3 Bg6 12. d4 Qe7 13. dxe5 Nxe5 14. Nxe5 Qxe5 15. f4 Qc5 16. Qe2 O-O-O 17. Be3 Qa5+ 18. c3 f6 19. O-O Kb8 20. a3 Rge8 21. Qc2 c5 22. b4 Qb5 23. Rfd1 Qc4 24. bxc5 Bxc5 25. Rxd8+ Rxd8 26. Bxc5 Qxc5+ 27. Kh1 Qe3 28. f5 Bf7 29. Nf1 Qc5 30. Ng3 Ka7 31. Ne2 Qf2 32. Rc1 Bc4 33. Nd4 Qxc2 34. Nxc2 Re8 35. Ne3 Rxe4 36. Nc2 c5 37. h3 Re2 38. Kg1 Kb6 39. Ne1 Ka5 40. g4 Ka4 41. Ra1 Rh2 0-1

[Event "New York USA"]
[Site "?"]
[Date "2003.08.05"]
[Round "2"]
[White "Braylovsky Gregory"]
[Black "Cela Altin"]
[Result "1-0"]
[WhiteElo "2327"]
[BlackElo "2482"]
[PlyCount "45"]
[EventDate "2003.??.??"]
[Source "www.chesslib.no"]
[SourceDate "2004.05.04"]

1. e4 e5 2. Nf3 Nc6 3. Bb5 a6 4. Ba4 Nf6 5. Bxc6 dxc6 6. d3 Bd6 7. Bg5 h6 8. Bh4 c5 9. Nbd2 Qe7 10. Nc4 b5 11. Ne3 g5 12. Bg3 Bd7 13. Qe2 O-O-O 14. O-O c4 15. dxc4 Bc6 16. Nd5 Qe6 17. Nxf6 Qxf6 18. cxb5 axb5 19. c4 b4 20. c5 g4 21. cxd6 gxf3 22. Qa6+ Bb7 23. d7+ 1-0

[Event "Sautron "]
[Site "?"]
[Date "2004.10.24"]
[Round "6"]
[White "Andonov Bogomil"]
[Black "Bojkov Dejan"]
[Result "0-1"]
[WhiteElo "2331"]
[BlackElo "2475"]
[PlyCount "47"]
[EventDate "2004.??.??"]
[Source "www.chesslib.no"]
[SourceDate "2004.05.04"]

1. e4 e5 2. Nf3 Nc6 3. Bb5 a6 4. Ba4 Nf6 5. Bxc6 dxc6 6. d3 Nd7 7. Nbd2 Be7 8. Nc4 f6 9. Nh4 Nf8 10. Nf5 g6 11. Nxe7 Qxe7 12. O-O Be6 13. Ne3 g5 14. Bd2 Ng6 15. g3 h5 16. b4 g4 17. f3 h4 18. Be1 hxg3 19. Bxg3 Qxb4 20. fxg4 Nf4 21. Qf3 Rh3 22. Rab1 Qd4 23. Rxb7 Qd7 24. Kh1 0-1

[Event "Premier"]
[Site "Hastings ENG"]
[Date "2007.12.30"]
[Round "3"]
[White "Marusenko, P."]
[Black "Lalic, B."]
[Result "1/2-1/2"]
[WhiteElo "2304"]
[BlackElo "2500"]
[PlyCount "85"]
[EventDate "2007.12.28"]
[Source "www.chesslib.no"]
[SourceDate "2004.05.04"]

1. e4 e5 2. Nf3 Nc6 3. Bb5 a6 4. Ba4 Nf6 5. Bxc6 dxc6 6. d3 Bd6 7. Nbd2 Be6 8. O-O c5 9. b3 b5 10. Bb2 Nd7 11. c3 O-O 12. d4 f5 13. dxe5 Nxe5 14. Nxe5 Bxe5 15. f4 Bf6 16. e5 Be7 17. c4 Qd7 18. Qe2 Rfd8 19. Rfd1 Qd3 20. Qxd3 Rxd3 21. Nf1 bxc4 22. bxc4 Bxc4 23. Rxd3 Bxd3 24. Ba3 Rb8 25. Rd1 Bc4 26. Ne3 Be6 27. Nd5 Bxd5 28. Rxd5 Rb1+ 29. Kf2 Ra1 30. Rd2 Kf7 31. Rc2 g5 32. Bxc5 Bxc5+ 33. Rxc5 Rxa2+ 34. Ke3 Ke6 35. Rxc7 Ra3+ 36. Kf2 gxf4 37. Rxh7 Kxe5 38. Re7+ Kf6 39. Re8 a5 40. Rf8+ Kg6 41. Rg8+ Kf7 42. Ra8 Kg6 43. Rg8+ 1/2-1/2

[Event "ISL Ch"]
[Site "Reykjavik ISL"]
[Date "1979.??.??"]
[Round "8"]
[White "Angantysson, Haukur"]
[Black "Asmundsson, Ingvar"]
[Result "0-1"]
[WhiteElo "2400"]
[BlackElo "2400"]
[PlyCount "102"]
[EventDate "1979.??.??"]
[Source "www.chesslib.no"]
[SourceDate "2004.05.04"]

1. e4 e5 2. Nf3 Nc6 3. Bb5 a6 4. Ba4 Nf6 5. Bxc6 dxc6 6. d3 Nd7 7. Nbd2 Be7 8. Nc4 Bf6 9. b3 O-O 10. Bb2 Re8 11. Qd2 b6 12. Ne3 Nf8 13. O-O Ng6 14. Nf5 c5 15. g3 h5 16. Rae1 Be6 17. Ne3 Bh3 18. Ng2 Qd7 19. Qe2 h4 20. Nd2 Bg5 21. Nc4 b5 22. Nce3 Bxe3 23. fxe3 Bg4 24. Qf2 h3 25. Nh4 Nxh4 26. gxh4 Re6 27. Kh1 Rae8 28. Qg3 Rg6 29. Bxe5 Be2 30. Rxe2 Rxg3 31. Bxg3 c4 32. Ref2 cxd3 33. cxd3 Qxd3 34. e5 Qd5+ 35. Kg1 c5 36. Bf4 Rc8 37. Rf3 c4 38. Rxh3 Qe4 39. Rg3 c3 40. Rg2 c2 41. Rc1 Rc3 42. Kf2 a5 43. h5 Kh7 44. h4 Rc6 45. Rgg1 a4 46. Rge1 axb3 47. axb3 Qb4 48. e6 Qd2+ 49. Kf3 Rxe6 50. h6 gxh6 51. h5 Qd5+ 0-1

[Event "FSGM July"]
[Site "Budapest"]
[Date "2003.??.??"]
[Round "8"]
[White "Medvegy, Zoltan"]
[Black "Reutsky, Sergei"]
[Result "1/2-1/2"]
[WhiteElo "2495"]
[BlackElo "2305"]
[PlyCount "95"]
[EventDate "2003.07.05"]
[Source "Roberto Alvarez"]
[SourceDate "2003.08.04"]

1. e4 e5 2. Nf3 Nc6 3. Bb5 a6 4. Ba4 Nf6 5. Bxc6 dxc6 6. d3 Bd6 7. Nbd2 O-O 8. Nc4 Re8 9. Bg5 h6 10. Bh4 b5 11. Nxd6 cxd6 12. Qd2 d5 13. O-O-O Bg4 14. exd5 cxd5 15. Rde1 Qd6 16. d4 Bxf3 17. gxf3 e4 18. Bg3 Qc6 19. Rhg1 exf3 20. Be5 Nh5 21. Re3 Re6 22. Rxf3 Rg6 23. Re1 Rc8 24. Rfe3 Nf6 25. f3 b4 26. Kb1 Nd7 27. Bg3 Nf8 28. b3 a5 29. R1e2 Re6 30. f4 Rxe3 31. Qxe3 Ne6 32. Be1 Nc7 33. a4 Ne8 34. Qd3 Nd6 35. Kb2 Ne4 36. Rg2 f5 37. h4 h5 38. Rg1 Kf7 39. Rf1 g6 40. Rf3 Qb6 41. Re3 Rc6 42. Re2 Qc7 43. Qe3 Qb7 44. Qd3 Qe7 45. Qe3 Rc7 46. Qf3 Qd8 47. Qe3 Ke8 48. Qf3 1/2-1/2

[Event "Invitational"]
[Site "Santa Monica"]
[Date "2004.05.16"]
[Round "6"]
[White "Sevillano, Enrico"]
[Black "Stein, Alex"]
[Result "0-1"]
[WhiteElo "2467"]
[BlackElo "2316"]
[PlyCount "110"]
[EventDate "2004.05.11"]
[Source "Roberto Alvarez"]
[SourceDate "2004.05.24"]

1. e4 e5 2. Nf3 Nc6 3. Bb5 a6 4. Ba4 Nf6 5. Bxc6 dxc6 6. d3 Nd7 7. Nbd2 Be7 8. Nc4 f6 9. Qe2 O-O 10. g4 Nc5 11. Rg1 Ne6 12. Bd2 c5 13. h4 Nd4 14. Qd1 Be6 15. Ne3 b5 16. Nf5 c4 17. N3xd4 exd4 18. f4 c5 19. Kf2 cxd3 20. cxd3 c4 21. Qf3 Rc8 22. Nxe7+ Qxe7 23. f5 Bd7 24. g5 cxd3 25. Qxd3 Qe5 26. Rg2 fxg5 27. Bxg5 Bc6 28. Re1 Rce8 29. Kg1 Rxf5 30. Qg3 Bxe4 31. Qxe5 Rfxe5 32. Bf6 Bxg2 33. Rxe5 Rxe5 34. Bxe5 d3 35. Kf2 Be4 36. Ke3 Bf5 37. Bc3 h6 38. Kf4 Bg6 39. Ke5 Kf7 40. Bd2 Bh5 41. Kf5 Bg6+ 42. Ke5 Ke7 43. a3 Kd7 44. Kd5 Bh7 45. Ke5 Kc6 46. b3 g5 47. hxg5 h5 48. Kf4 Kd5 49. Bc3 h4 50. Bd2 h3 51. Kg3 Ke4 52. a4 h2 53. Kxh2 Kf3 54. axb5 axb5 55. Ba5 Ke2 0-1

[Event "Porabka"]
[Site "Porabka"]
[Date "1987.??.??"]
[Round "6"]
[White "Bielczyk, Jacek"]
[Black "Riemersma, Liafbern"]
[Result "1/2-1/2"]
[WhiteElo "2385"]
[BlackElo "2395"]
[PlyCount "42"]
[EventDate "1987.??.??"]
[Source "www.chesslib.no"]
[SourceDate "2004.05.04"]

1. e4 e5 2. Nf3 Nc6 3. Bb5 a6 4. Ba4 Nf6 5. Bxc6 dxc6 6. d3 Bd6 7. Nbd2 O-O 8. Nc4 Re8 9. b3 Nd7 10. Bb2 f6 11. O-O c5 12. Nh4 Nf8 13. Nf5 Kh8 14. f4 exf4 15. Ncxd6 cxd6 16. Qh5 Bxf5 17. exf5 d5 18. Bc1 c4 19. Qf3 cxb3 20. axb3 Rc8 21. Ra2 Qd7 1/2-1/2

[Event "7th Amplico AIG Life"]
[Site "Warsaw POL"]
[Date "2007.12.15"]
[Round "7"]
[White "Bartel, Mi"]
[Black "Bindrich, F."]
[Result "1-0"]
[WhiteElo "2268"]
[BlackElo "2512"]
[PlyCount "109"]
[EventDate "2007.12.15"]
[Source "www.chesslib.no"]
[SourceDate "2004.05.04"]

1. e4 e5 2. Nf3 Nc6 3. Bb5 a6 4. Ba4 Nf6 5. Bxc6 dxc6 6. d3 Nd7 7. Nbd2 Be7 8. Qe2 O-O 9. O-O f6 10. d4 exd4 11. Nxd4 Ne5 12. N2f3 Bg4 13. h3 Bh5 14. g4 Nxf3+ 15. Nxf3 Bf7 16. Bf4 Bd6 17. Rad1 Qe7 18. Bxd6 cxd6 19. Nd4 g6 20. Rfe1 Rae8 21. Qd3 Qe5 22. b3 Qa5 23. c4 d5 24. Qc2 Qc5 25. cxd5 Qa3 26. dxc6 bxc6 27. Nxc6 Rc8 28. Rc1 Qd6 29. Qc5 Qxc5 30. Rxc5 Kg7 31. Rec1 Rc7 32. Nb4 Rd7 33. Nd5 f5 34. Nc3 fxg4 35. hxg4 Be6 36. Nd5 Bxg4 37. Rc7 Rxc7 38. Rxc7+ Kh6 39. e5 Be6 40. Nf6 Rf7 41. Rc6 Bf5 42. Rxa6 Kg5 43. Nd5 Be4 44. f4+ Kh4 45. e6 Rf8 46. Nc7 Rc8 47. e7 Rxc7 48. e8=Q Kg3 49. Kf1 Bd3+ 50. Ke1 Bxa6 51. Qe3+ Kg2 52. f5 Rb7 53. fxg6 hxg6 54. Qg5+ Kh3 55. Qh6+ 1-0